000 00660nam a2200193 i 4500
001 140336
003 ES-MaACL
005 20240514102127.0
007 t|
008 070214s1950 sp r ||||1| spa d
100 1 _aSegura Otaño, Enrique.
_9105204
245 1 0 _aGuy de Maupassant, a través de la correspondencia de Gustavo Flaubert /
_cpor Enrique Segura.
260 _aMadrid :
_b[s. n.],
_c1950.
300 _a18 p. ;
_c25 cm.
500 _aSeparata de: Cuadernos de Literatura, fasc. 19-20-21, enero-junio 1950, p. 203-220.
700 1 _aMaupassant, Guy de,
_d1850-1893
_979214
852 _aES-MaACL
_j1927-F-2
_bR.31254
999 _c140336
_d140336